Численное моделирование процессов рассеяния рентгеновского излучения при радиографическом контроле материалов; Дефектоскопия; № 6

Bibliographic Details
Parent link:Дефектоскопия.— , 1965-.— 0130-3082
№ 6.— 2006.— С. 43-57
Other Authors: Жуковский М. Е., Подоляко С. В., Йениш Г.-Р., Беллон К.
Language:Russian
Published: 2006
Series:Радиационные и радиографические методы
Subjects:
Format: MixedMaterials Book Chapter
KOHA link:https://koha.lib.tpu.ru/cgi-bin/koha/opac-detail.pl?biblionumber=428923

MARC

LEADER 00000naa2a2200000 4500
001 428923
005 20231101074859.0
035 |a (RuTPU)RU\TPU\prd\88564 
035 |a RU\TPU\prd\45171 
090 |a 428923 
100 |a 20101020a2006 k y0rusy50 ca 
101 0 |a rus 
102 |a RU 
200 1 |a Численное моделирование процессов рассеяния рентгеновского излучения при радиографическом контроле материалов  |f М. Е. Жуковский [и др.] 
225 1 |a Радиационные и радиографические методы 
320 |a Библиогр.: 14 назв. 
461 0 |0 (RuTPU)RU\TPU\prd\151  |x 0130-3082  |t Дефектоскопия  |d 1965- 
463 0 |0 (RuTPU)RU\TPU\prd\88559  |t № 6  |v С. 43-57  |d 2006 
610 1 |a рассеяние 
610 1 |a численное моделирование 
610 1 |a рентгеновское излучение 
610 1 |a проникающее излучение 
610 1 |a радиографический контроль 
610 1 |a многокомпонентные объекты 
610 1 |a описание 
610 1 |a кусочно-однородная структура 
610 1 |a вычислительный аппарат 
610 1 |a Монте-Карло метод 
610 1 |a преимущества 
675 |a 620.179.15  |v 3 
701 1 |a Жуковский  |b М. Е. 
701 1 |a Подоляко  |b С. В. 
701 1 |a Йениш  |b Г.-Р. 
701 1 |a Беллон  |b К. 
801 1 |a RU  |b 63413507  |c 20060828  |g PSBO 
801 2 |a RU  |b 63413507  |c 20140204  |g RCR 
942 |c BK